00477nam a2200157Ia 450000500170000000800410001708200130005810000230007124500280009426000380012230000130016050000270017394200060020095200980020699900150030420250430052357.0240331s9999 xx 000 0 und d bWEEa891 aWeerasuriya, P.D.S 0aMatara sahithya wansaya aColombobM.D.Gunasena Booksc1972 a566 p ., aMatara Sakithiya Wansa cL 001040708LaWERCLbWERCLcSSCd2024-03-31l0o 891.48 WEEp1069r2024-03-31w2024-03-31yL c4895d4895